Les métamorphoses du vampire - Statistiques

Statistiques générales
  • Ce quiz a été pris 27 fois
  • Le résultat moyen est 95 sur 250
Statistiques - réponses
Réponse % Correct
l'
75%
sa
75%
sang
75%
à
50%
A
50%
ai
50%
au
50%
avoir
50%
ciel
50%
d'
50%
dans
50%
de
50%
De
50%
des
50%
En
50%
en
50%
enfants
50%
Et
50%
et
50%
étoiles
50%
fais
50%
fond
50%
j'
50%
je
50%
Je
50%
La
50%
la
50%
le
50%
les
50%
Les
50%
lui
50%
lune
50%
ma
50%
me
50%
mes
50%
Moi
50%
moi
50%
ne
50%
os
50%
Ou
50%
plus
50%
pour
50%
Pour
50%
qu'
50%
Qu'
50%
Quand
50%
quand
50%
Que
50%
que
50%
qui
50%
Qui
50%
sais
50%
se
50%
si
50%
soleil
50%
suis
50%
tous
50%
tout
50%
un
50%
une
50%
yeux
50%
abandonne
25%
ainsi
25%
amour
25%
anges
25%
antique
25%
aux
25%
baiser
25%
balance
25%
bouche
25%
bout
25%
braise
25%
bras
25%
busc
25%
buste
25%
cependant
25%
ces
25%
cher
25%
clarté
25%
confusément
25%
conscience
25%
côtés
25%
couler
25%
cri
25%
damneraient
25%
débris
25%
deux
25%
docte
25%
du
25%
elle
25%
émoi
25%
enseigne
25%
épouvante
25%
étouffe
25%
eut
25%
eux
25%
fait
25%
femme
25%
fer
25%
fermai
25%
flancs
25%
fragile
25%
fraise
25%
froide
25%
girouette
25%
gluants
25%
hiver
25%
homme
25%
humide
25%
imprégnés
25%
impuissants
25%
Laissait
25%
languissament
25%
lèvre
25%
libertine
25%
lieu
25%
lit
25%
Lorsque
25%
lorsque
25%
mannequin
25%
matelas
25%
mêmes
25%
moelle
25%
mon
25%
morsures
25%
mots
25%
musc
25%
nue
25%
nuits
25%
outre
25%
pâment
25%
pendant
25%
perdre
25%
pétrissant
25%
pleine
25%
pleurs
25%
provision
25%
puissant
25%
pus
25%
remplace
25%
rendaient
25%
rendre
25%
rire
25%
robuste
25%
rouvris
25%
sans
25%
savant
25%
science
25%
sèche
25%
seins
25%
semblait
25%
serpent
25%
ses
25%
son
25%
squelette
25%
sucé
25%
sur
25%
Timide
25%
tordant
25%
tournai
25%
toute
25%
Tremblaient
25%
tringle
25%
triomphants
25%
veloutés
25%
vent
25%
vers
25%
vieux
25%
vis
25%
vivante
25%
voiles
25%
voit
25%
voluptés
25%
Aucun quiz correspondant
Distribution des résultats
% des personnes avec chaque résultat
Percentile par nombre de réponses
Votre historique - résultats
Vous n’avez pas pris ce quiz